00487nam a2200157Ia 450000500170000000800410001708200130005810000200007124500320009126000390012330000180016250000340018094200060021495200940022099900150031420250408050303.0240331s9999 xx 000 0 und d bSAMa070 aSamanthan, S. M 0aTamil iIthazhiyal kalunjiam aMadrasbThamilar Pathippagamc1990 avii, 264 p ., aTreasures of Tamil Journalism cL 001040708LaWERCLbWERCLcSSCd2024-03-31l0o 070 SAMp832r2024-03-31w2024-03-31yL c3580d3580